000 00376nam a2200145Ia 4500
008 230917s9999||||xx |||||||||||||| ||und||
040 _e130813
_aMAIN
041 _aEnglish
082 _a658.3 T21I
100 _aTayeb, Monir H
245 0 _aInternational human resource management
260 _aNew Delhi
_bOxford University Press
_c2009
300 _a242 p.
942 _cBK
999 _c152439
_d152439